RCD Mallorca 2025/26 Squad - Statistics

General Stats
  • This quiz has been taken 4 times
  • The average score is 22 of 26
Answer Stats
Hint Answer % Correct
CB 🇪🇸 Antonio Raíllo
100%
CM 🇪🇸 Antonio Sánchez
100%
LW 🇪🇸 Jan Virgili
100%
LB 🇨🇴 Johan Mojica
100%
GK 🇪🇸 Leo Román
100%
CM 🇪🇸 Manu Morlanes
100%
CB 🇸🇰 Martin Valjent
100%
FW 🇪🇸 Mateo Joseph
100%
DM 🇬🇶 Omar Mascarell
100%
RB 🇦🇷 Pablo Maffeo
100%
AM 🇪🇸 Pablo Torre
100%
DM 🇵🇹 Samú Costa
100%
CM 🇪🇸 Sergi Darder
100%
RW 🇯🇵 Takuma Asano
100%
FW 🇽🇰 Vedat Muriqi
100%
CB 🇪🇸 David López
67%
GK 🇪🇸 Iván Cuéllar
67%
LW 🇪🇸 Javi Llabrés
67%
RW 🇫🇷 Justin Kalumba
67%
GK 🇫🇮 Lucas Bergström
67%
CB 🇦🇱 Marash Kumbulla
67%
RB 🇪🇸 Mateu Morey
67%
LB 🇪🇸 Toni Lato
67%
FW 🇦🇴 Zito Luvumbo
67%
FW 🇪🇸 Abdón Prats
33%
CM 🇪🇸 Jan Salas
33%
No matching quizzes found
Score Distribution
Percent of People with Each Score
Percentile by Number Answered
Your Score History
You have not taken this quiz